| 000 | 00471nam a2200157Ia 4500 | ||
|---|---|---|---|
| 003 | Ost | ||
| 005 | 20260507075659.0 | ||
| 008 | 260507s9999||||xx |||||||||||||| ||und|| | ||
| 040 | _cfsecg | ||
| 041 | _aara | ||
| 100 |
_aالسيد، علي محمد امين _eمؤلف |
||
| 245 | 0 |
_aإدارة الفنادق / _c علي محمد امين السيد |
|
| 260 |
_aعمان: _bدار وائل للنشر, _c2002 |
||
| 300 |
_a372 صفحة؛ _c25 سم |
||
| 942 | _cكتاب | ||
| 999 |
_c45767 _d45767 |
||